000 00267nam a22001217a 4500
008 170905b xxu||||| |||| 00| 0 eng d
041 _aeng
080 _a621
100 _a27
101 _aIM
245 _aANALOG AND DIGITAL COMMUNICATIONS
_cHSU,H
942 _2udc
_cBK
999 _c26132
_d26132